| 000 | 05793nam a22001457a 4500 | ||
|---|---|---|---|
| 999 |
_c4340 _d234844 |
||
| 022 | _a18501729 | ||
| 080 | _a340 R 327 | ||
| 245 | _aRevista Jurídica | ||
| 260 |
_aLomas de Zamora _bFacultad de Derecho- Universidad nacional de Lomas de ZAmora _c2006/ 2009 |
||
| 300 | _a130 P. | ||
| 310 | _atrimestral | ||
| 650 |
_2IEDCYT _aderechos humanos _x bioetica _xglobalizacion _xderecho políiico _xdaños _xresponsabilidad civil _xsolucion de conflictos _xmedio ambeinte _xderecho internacional _xderecho del trabajo |
||
| 942 | _2cdu | ||
| 945 |
_acd _d2016-07-05 |
||